Control theory of non-linear mechanical systems : a passivity-based and circuit-theoretic approach (Record no. 12190)
[ view plain ]
| 000 -LEADER | |
|---|---|
| fixed length control field | 00399nam a22001337a 4500 |
| 020 ## - INTERNATIONAL STANDARD BOOK NUMBER | |
| International Standard Book Number | 9780198562917 |
| 082 ## - DEWEY DECIMAL CLASSIFICATION NUMBER | |
| Classification number | 670.4272 ARI |
| 100 ## - MAIN ENTRY--PERSONAL NAME | |
| Personal name | Arimoto, Suguru. |
| 245 ## - TITLE STATEMENT | |
| Title | Control theory of non-linear mechanical systems : a passivity-based and circuit-theoretic approach |
| 260 ## - PUBLICATION, DISTRIBUTION, ETC. | |
| Place of publication, distribution, etc. | New York |
| Name of publisher, distributor, etc. | Oxford Press |
| Date of publication, distribution, etc. | 1996 |
| 300 ## - PHYSICAL DESCRIPTION | |
| Extent | vi,280p. : |
| Accompanying material | 25 cm |
| 700 ## - ADDED ENTRY--PERSONAL NAME | |
| Personal name | Nonlinear control theory |
| 942 ## - ADDED ENTRY ELEMENTS (KOHA) | |
| Koha item type | Book |
| Withdrawn status | Lost status | Damaged status | Not for loan | Collection code | Permanent Location | Current Location | Shelving location | Date acquired | Source of acquisition | Cost, normal purchase price | Total Checkouts | Full call number | Barcode | Date last seen | Price effective from | Koha item type |
|---|---|---|---|---|---|---|---|---|---|---|---|---|---|---|---|---|
| Central Library (CL) | Central Library (CL) | General Stacks | 11/13/2013 | Progressive International Agencies | 9705.15 | 670.4272 ARI | SEECS012419 | 11/13/2013 | 11/13/2013 | Book |
